Top 20 najbogatszych państw świata - Statystyki

Ogólne statystyki
  • Ten quiz został rozwiązany 779 razy
  • Średni wynik to 15 z 20
Statystyki odpowiedzi
Numer Budżet krajowy Państwo % Poprawnych
1. 126.3 T Stany Zjednoczone
99%
20. 3 T Rosja
98%
2. 78.8 T Chiny
96%
4. 18.2 T Niemcy
96%
6. 14.9 T Francja
93%
12. 8.5 T Hiszpania
88%
5. 15.2 T Wielka Brytania
88%
3. 26.9 T Japonia
86%
9. 9.9 T Kanada
86%
8. 11.9 Włochy
82%
7. 12.8 T Indie
80%
16. 3.6 T Meksyk
75%
10. 9.2 T Australia
72%
11. 8.9 T Korea Południowa
68%
15. 4.5 T Szwajcaria
62%
13. 5 T Holandia
60%
19. 3.1 T Belgia
58%
17. 3.2 T Indonezja
52%
14. 4.6 T Tajwan
30%
18. 3.1 T Hong Kong
7%
Nie znaleziono quizów pasujących do podanych kryteriów
Rozkład punktacji
Procent ludzi z każdym wynikiem
Percentyl według liczby udzielonych odpowiedzi
Twoja historia wyników
Nie rozwiązałeś tego quizu